000 00619nam a2200241 a 4500
005 20140311163015.0
008 061120s19uu xx 00 eng d
020 _a9812471782
050 _aRT 41
_b.K88 2005
100 _aBerman, Audrey.
245 _aClinical nursing techniques /
250 _a5th ed.
260 _aJurong, Singapore :
_bPearson Prentice Hall,
_c2002.
300 _a726 p. :
_c26 cm.
521 _aNUR
650 _aNursing.
650 _aNursing care.
700 _aSnyder, Shirlee
700 _aKozier, Barbara
700 _aErb, Glenora
942 _cBK
_2lcc
_kFOR
999 _c39411
_d39411